Top 10 countries with the most Arabic speakers - Statistics

General Stats
  • This quiz has been taken 126 times
  • The average score is 9 of 10
Answer Stats
# Answer % Correct
82,449,000 Egypt
100%
27,178,000 Saudi Arabia
99%
40,100,000 Algeria
97%
22,908,000 Iraq
96%
17,951,000 Syria
95%
25,003,000 Morocco
94%
14,671,000 Yemen
94%
28,164,000 Sudan
93%
5,083,000 Jordan
89%
10,800,000 Tunisia
85%
No matching quizzes found
Score Distribution
Percent of People with Each Score
Percentile by Number Answered
Your Score History
You have not taken this quiz